[Event "Nova Gorica op-B 10th"]
[Site "Nova Gorica"]
[Date "2005.01.29"]
[Round "3"]
[White "Jug, Tina"]
[Black "Punteri, Marco"]
[Result "0-1"]
[WhiteElo "1507"]
[BlackElo "2051"]
[PlyCount "110"]
[EventDate "2005.01.28"]
[EventType "swiss"]
[EventRounds "9"]
[EventCountry "SLO"]
[SourceTitle "CBM 104 Extra"]
[Source "ChessBase"]
[SourceDate "2005.03.01"]
[SourceVersion "1"]
[SourceVersionDate "2005.03.01"]
[SourceQuality "1"]

1. e4 c5 2. Nf3 g6 3. Bc4 Bg7 4. d4 cxd4 5. Nxd4 Nc6 6. Nf3 Nf6 7. Nc3 0-0 8. 0-0 d6 9. h3 a6 10. Re1 b5 11. Bb3 Bb7 12. a4 Na5 13. Bd5 Nxd5 14. Nxd5 Nc4 15. c3 Rc8 16. Nd4 bxa4 17. Rxa4 e6 18. Nb4 Qh4 19. Qd3 a5 20. Nbc2 d5 21. exd5 Bxd5 22. Ne3 Nxe3 23. Bxe3 Rb8 24. Qc2 Qd8 25. Rea1 e5 26. Rxa5 exd4 27. Bxd4 Bxd4 28. cxd4 Be6 29. Qc3 Qb6 30. d5 Bf5 31. R5a2 Rfc8 32. Qd2 Rc2 33. Qf4 Rxb2 34. Ra6 Qb5 35. R6a5 Qb4 36. Qc7 Qd2 37. Qg3 R2b3 38. Qe5 Rb2 39. Qg3 h5 40. Ra8 Qb4 41. Qe5 Qf8 42. R8a7 Qc5 43. Qf4 Qxd5 44. Qc7 Be6 45. Qg3 Rc8 46. R7a5 Rb5 47. Ra7 Rbc5 48. R1a3 Qe5 49. Qxe5 Rxe5 50. Rg3 Re1+ 51. Kh2 Rc2 52. Rd3 h4 53. g3 Bf5 54. Rd8+ Kg7 55. Rd4 Rxf2# 0-1

[Event "CFriend SI-2003-0-00010 email"]
[Site "Chessfriend.com"]
[Date "2003.07.17"]
[Round "?"]
[White "Dehaybe, Andre"]
[Black "Punteri, Marco"]
[Result "1-0"]
[WhiteElo "1829"]
[BlackElo "1884"]
[PlyCount "27"]
[EventDate "2003.07.17"]
[EventType "tourn (corr)"]
[EventRounds "12"]
[SourceTitle "Corr 2008"]
[Source "ChessBase"]
[SourceDate "2008.06.24"]
[SourceVersion "1"]
[SourceVersionDate "2008.06.24"]
[SourceQuality "1"]

1. d4 d5 2. c4 c6 3. cxd5 cxd5 4. Nf3 Nf6 5. Nc3 Nc6 6. Qb3 e6 7. Bf4 Be7 8. h3 0-0 9. e3 a6 10. Bd3 b5 11. 0-0 Bd7 12. Rac1 Rc8 13. a3 Na5 14. Qc2 1-0

[Event "CFriend SI-2003-0-00010 email"]
[Site "Chessfriend.com"]
[Date "2003.07.17"]
[Round "?"]
[White "Prieto, Carlos"]
[Black "Punteri, Marco"]
[Result "1-0"]
[WhiteElo "1646"]
[BlackElo "1884"]
[PlyCount "21"]
[EventDate "2003.07.17"]
[EventType "tourn (corr)"]
[EventRounds "12"]
[SourceTitle "Corr 2008"]
[Source "ChessBase"]
[SourceDate "2008.06.24"]
[SourceVersion "1"]
[SourceVersionDate "2008.06.24"]
[SourceQuality "1"]

1. e4 c5 2. Nf3 Nc6 3. Bd3 g6 4. c3 Bg7 5. 0-0 d5 6. exd5 Qxd5 7. Qe2 Nf6 8. Bc4 Qd6 9. d3 0-0 10. Nbd2 Na5 11. Re1 1-0

[Event "CFriend SI-2003-0-00005 email"]
[Site "Chessfriend.com"]
[Date "2003.03.14"]
[Round "1"]
[White "Cottle, Nigel"]
[Black "Punteri, Marco"]
[Result "1-0"]
[WhiteElo "1568"]
[BlackElo "1762"]
[PlyCount "34"]
[EventDate "2003.03.14"]
[EventType "tourn (corr)"]
[EventRounds "10"]
[SourceTitle "Corr 2024"]
[Source "ChessBase"]
[SourceDate "2023.10.19"]
[SourceVersion "1"]
[SourceVersionDate "2023.10.19"]
[SourceQuality "1"]

1. b3 e5 2. Bb2 f6 3. e4 Ne7 4. c4 Nec6 5. Nf3 Bc5 6. d4 exd4 7. Nxd4 Qe7 8. Nxc6 Qxe4+ 9. Qe2 Qxe2+ 10. Bxe2 Nxc6 11. 0-0 0-0 12. Nd2 d6 13. Nf3 Bd7 14. a3 Rae8 15. Rfe1 Re7 16. Bd3 Rfe8 17. Kf1 a5 1-0

[Event "Trieste op 4th"]
[Site "Trieste"]
[Date "2002.11.01"]
[Round "4"]
[White "Batic, Alexander"]
[Black "Punteri, Marco"]
[Result "0-1"]
[WhiteElo "1800"]
[BlackElo "1885"]
[PlyCount "76"]
[EventDate "2002.10.26"]
[EventType "swiss"]
[EventRounds "7"]
[EventCountry "ITA"]
[SourceTitle "EXT 2005"]
[Source "ChessBase"]
[SourceDate "2004.11.15"]
[SourceVersion "1"]
[SourceVersionDate "2004.11.15"]
[SourceQuality "1"]

1. e4 c5 2. Nf3 Nc6 3. d4 cxd4 4. Nxd4 Nf6 5. Nc3 e5 6. Nf5 d5 7. exd5 Bxf5 8. dxc6 bxc6 9. Qf3 Qd7 10. Bc4 Bxc2 11. Qe2 Bg6 12. Qxe5+ Be7 13. 0-0 0-0 14. Rd1 Qb7 15. Bb3 Rfe8 16. h3 Bd8 17. Qg3 Bc7 18. Qf3 Bh5 19. g4 Bg6 20. Bg5 Be5 21. Rac1 Ne4 22. Nxe4 Bxe4 23. Qe2 c5 24. Rd2 Bh1 25. Qf1 h6 26. Be3 Rac8 27. Bc4 Rcd8 28. Ba6 Qe4 29. Bd3 Qb7 30. Rcd1 Bd4 31. Ba6 Qe4 32. Bd3 Qb7 33. Bb5 Rxe3 34. Rxd4 Rxd4 35. Rxd4 Re1 36. Rd8+ Kh7 37. Bd3+ g6 38. b3 Qg2# 0-1

[Event "Trieste op 4th"]
[Site "Trieste"]
[Date "2002.10.27"]
[Round "2"]
[White "Punteri, Marco"]
[Black "Capaliku, Aleks"]
[Result "0-1"]
[WhiteElo "1885"]
[BlackElo "1786"]
[PlyCount "96"]
[EventDate "2002.10.26"]
[EventType "swiss"]
[EventRounds "7"]
[EventCountry "ITA"]
[SourceTitle "EXT 2005"]
[Source "ChessBase"]
[SourceDate "2004.11.15"]
[SourceVersion "1"]
[SourceVersionDate "2004.11.15"]
[SourceQuality "1"]

1. d4 f5 2. g3 Nf6 3. Bg2 e6 4. c4 d5 5. Nf3 c6 6. 0-0 Bd6 7. b3 0-0 8. Ba3 Ne4 9. Bxd6 Qxd6 10. Qc2 Nd7 11. Nc3 b6 12. Rac1 Bb7 13. Qd3 Rac8 14. Nd2 Rfd8 15. cxd5 exd5 16. f3 Nxc3 17. Rxc3 g6 18. e4 dxe4 19. Qc4+ Kg7 20. fxe4 b5 21. Qe2 Qxd4+ 22. Re3 Ne5 23. Nf3 Nxf3+ 24. Qxf3 c5 25. Qe2 fxe4 26. Kh1 Rc7 27. Re1 c4 28. bxc4 bxc4 29. Bxe4 Re8 30. Bxb7 Rxe3 31. Qxe3 Qxe3 32. Rxe3 Rxb7 33. Rc3 Rc7 34. Kg2 Kf6 35. Kf3 Ke5 36. Ke3 Kd5 37. Rc1 Re7+ 38. Kd2 Kd4 39. Rf1 c3+ 40. Kd1 Kd3 41. Rf3+ Re3 42. Rf2 c2+ 43. Rxc2 Re1+ 44. Kxe1 Kxc2 45. Ke2 Kb2 46. Kd2 Kxa2 47. Kc2 h5 48. h3 g5 0-1

[Event "Bergamo op 1st"]
[Site "Bergamo"]
[Date "2002.07.27"]
[Round "3"]
[White "Punteri, Marco"]
[Black "Ranfagni, Stefano"]
[Result "1-0"]
[WhiteElo "1903"]
[BlackElo "1624"]
[PlyCount "59"]
[EventDate "2002.07.26"]
[EventType "swiss"]
[EventRounds "6"]
[EventCountry "ITA"]
[SourceTitle "EXT 2007"]
[Source "ChessBase"]
[SourceDate "2006.11.23"]
[SourceVersion "1"]
[SourceVersionDate "2006.11.23"]
[SourceQuality "1"]

1. d4 e6 2. c4 Nf6 3. Nc3 Bb4 4. a3 Bxc3+ 5. bxc3 0-0 6. e3 d6 7. Bd3 c5 8. Ne2 b6 9. 0-0 Bb7 10. f3 Qe7 11. e4 e5 12. Ng3 Bc8 13. Bg5 h6 14. Be3 Nc6 15. d5 Na5 16. Ra2 Bd7 17. Raf2 a6 18. h3 Nh7 19. f4 f6 20. Qh5 Qe8 21. Qh4 exf4 22. Bxf4 g5 23. Qxh6 gxf4 24. Nh5 Qe7 25. Rxf4 Rf7 26. e5 f5 27. e6 Rff8 28. Bxf5 Rxf5 29. Rxf5 Be8 30. Rf7 1-0

[Event "IECG CA.2002.0.00042 email"]
[Site "IECG email"]
[Date "2002.04.03"]
[Round "?"]
[White "Callow, Christopher"]
[Black "Punteri, Marco"]
[Result "1/2-1/2"]
[WhiteElo "2033"]
[BlackElo "2066"]
[PlyCount "82"]
[EventDate "2002.04.03"]
[EventType "tourn (corr)"]
[EventRounds "6"]
[SourceTitle "Corr 2008"]
[Source "ChessBase"]
[SourceDate "2008.06.24"]
[SourceVersion "1"]
[SourceVersionDate "2008.06.24"]
[SourceQuality "1"]

1. e4 c5 2. Nf3 Nc6 3. d4 cxd4 4. Nxd4 Nf6 5. Nc3 e5 6. Ndb5 d6 7. Bg5 a6 8. Na3 b5 9. Bxf6 gxf6 10. Nd5 f5 11. Bd3 Be6 12. Qh5 Rg8 13. g3 Rg5 14. Qxh7 Bxd5 15. exd5 Ne7 16. 0-0-0 Qb6 17. Qh4 Rg4 18. Qh3 Qxf2 19. Kb1 e4 20. Rhf1 Qe3 21. Nxb5 Qc5 22. Be2 axb5 23. Bxg4 fxg4 24. Qh5 Ng6 25. Qxg4 Ra4 26. Rfe1 e3 27. Qg5 Re4 28. Rd3 Be7 29. Qf5 Re5 30. Qf3 Bg5 31. h4 Bh6 32. a3 Kf8 33. Rf1 Re7 34. Rc3 Qd4 35. h5 e2 36. Re1 Qd2 37. Rxe2 Rxe2 38. hxg6 Rf2 39. Qe4 b4 40. axb4 fxg6 41. Rc7 Rf7 1/2-1/2

[Event "IECG CA.2002.0.00042 email"]
[Site "IECG email"]
[Date "2002.04.03"]
[Round "?"]
[White "Punteri, Marco"]
[Black "Kabachev, Andrey Nikolaevich"]
[Result "0-1"]
[WhiteElo "2066"]
[BlackElo "2150"]
[PlyCount "58"]
[EventDate "2002.04.03"]
[EventType "tourn (corr)"]
[EventRounds "6"]
[SourceTitle "Corr 2008"]
[Source "ChessBase"]
[SourceDate "2008.06.24"]
[SourceVersion "1"]
[SourceVersionDate "2008.06.24"]
[SourceQuality "1"]

1. d4 Nf6 2. c4 g6 3. Nc3 Bg7 4. e4 d6 5. f3 0-0 6. Be3 e5 7. d5 Nh5 8. Qd2 f5 9. 0-0-0 f4 10. Bf2 Bf6 11. Nge2 Bh4 12. Bg1 b6 13. Kb1 a5 14. Nc1 Na6 15. Nd3 Bd7 16. Rc1 Qe7 17. Be2 Rfb8 18. Bd1 Be8 19. Ba4 Bxa4 20. Nxa4 Rb7 21. Nc3 Nc5 22. Bxc5 bxc5 23. Nb5 Rb6 24. Rc3 Rba6 25. Ra3 a4 26. Nc1 Nf6 27. Qc2 Qd8 28. Ne2 Nd7 29. g3 Bg5 0-1